000 00329nam a2200145Ia 4500
005 20251222152047.0
008 251222s9999||||xx |||||||||||||| ||spa||
020 _a9290432829
082 _a633.02/S68
100 _aSorensen, Marten
245 0 _aYam bean
250 _a1ra.ed.
264 _bPlaneta de Agostini
942 _cLIB
999 _c26288
_d26288